Využitie vybraných diagnostických metód pri diagnostike životného cyklu podniku diplomová práca

Na minha lista:
Detalhes bibliográficos
Autor principal: Síbertová, Linda
Autor Corporativo: Fakulta podnikového manažmentu EU. Katedra podnikovohospodárska
Outros Autores: Neumannová, Anna
Formato: Livro
Idioma:eslovaco
Publicado em: Bratislava 2011
Tags: Adicionar Tag
Sem tags, seja o primeiro a adicionar uma tag!

MARC

LEADER 00000nbm a2200000 4500
001 0131415
005 20170315090420.0
041 0 |a slo 
044 |a SK 
245 1 0 |a Využitie vybraných diagnostických metód pri diagnostike životného cyklu podniku  |b diplomová práca  |c Linda Síbertová ; školiteľ: Anna Neumannová 
264 1 |a Bratislava  |c 2011 
300 |a 73 s. 
100 1 |a Síbertová, Linda 
700 1 |a Neumannová, Anna 
710 2 |a Fakulta podnikového manažmentu EU. Katedra podnikovohospodárska